000 00571nam a2200217Ia 4500
003 OSt
005 20220926041346.0
006 a|||||r|||| 00| 0
007 ta
008 220923b |||||||| |||| 00| 0 eng d
037 _cGeneral Book
040 _aRTL
_cRTL
_beng
041 _2eng
_aeng
082 _aYv55.M, J9
100 _aAntoni Carlo
_996183
245 0 _aFrom history to sociology
_b The transition in Germ
260 _c1959
300 _axxviii,249p
_ccm.
942 _hYv55.M, J9
_cGB
_2CC
999 _c667027
_d667027